| 000 | 01559nam a22002297a 4500 | ||
|---|---|---|---|
| 999 |
_c6683 _d6683 |
||
| 003 | DO-SdBJH | ||
| 005 | 20211012144920.0 | ||
| 008 | 211012b ||||| |||| 00| 0 spa d | ||
| 040 |
_aDO-SdBJH _bspa _cDO-SdBJH |
||
| 090 |
_aTG EGDC _b01746 2020 |
||
| 100 | 1 |
_aÑurinda Baltodano, Elmo Efraín _esustentante |
|
| 245 | 1 | 0 |
_aOperaciones de desminado humanitario en Nicaragua: causas, evolución, logros y desafíos entre los años 2017-2019 / _c Elmo Efraín Ñurinda Baltodano, asesores Sóstenes Juan Pérez Richiez, Johany Josefina Acevedo Cabrera |
| 260 |
_aSanto Domingo : _bINSUDE, _c2020 |
||
| 300 | _aiv, 91 páginas | ||
| 502 | _aTesis (Diplomado en Comando y Estado Mayor Conjunto) -- Instituto Superior para la Defensa (INSUDE). – Escuela de Graduados de Doctrina Conjunta “General de División Gregorio Luperón” 2020. | ||
| 504 | _a Incluye referencias bibliográficas e índices | ||
| 505 | _aCausas y consecuencias del uso de las minas en los conflictos bélicos. -- Métodos y procedimientos de las operaciones de desminado humanitario. -- Resultado del desminado humanitario en la República de Nicaragua, entre los años 2017-2019. -- Desafíos del Ejercito de Nicaragua ante los restos explosivos de guerra diseminados en el territorio Nicaraguense | ||
| 700 | 1 |
_aSóstenes Juan Pérez Richiez, _easesor |
|
| 700 | 1 |
_aJohany Josefina Acevedo Cabrera _easesor |
|
| 830 | _aINSUDE. Escuela de Graduados de Doctrina Conjunta “General de División Gregorio Luperón” 2017. Tesis y disertaciones académicas | ||
| 942 |
_2CL _cT |
||